[Event "DEM U12 2016"]
[Site "Willingen GER"]
[Date "2016.05.16"]
[Round "4"]
[White "Karl, Simon"]
[Black "Schille, Hannes"]
[Result "1/2-1/2"]
[Termination "normal"]
[Board "25"]
[WhiteElo "1451"]
[BlackElo "1629"]
[PlyCount "93"]
[WhiteFideId "16217985"]
[BlackFideId "16206053"]
[EventCountry "GER"]
[EventRounds "11"]
[EventType "swiss"]
[EventDate "2016.05.14"]

1. d4 d5 2. c4 e6 3. Nc3 Bb4 4. Qc2 c5 5. dxc5 Bxc5 6. cxd5 exd5 7. Nf3 Nf6 8.
Bg5 Be7 9. e3 a6 10. Be2 Nc6 11. Rd1 Be6 12. O-O O-O 13. a3 h6 14. Bf4 Rc8 15.
Rd2 Qd7 16. Rfd1 Rfd8 17. Qa4 Qe8 18. h3 Qf8 19. Kh2 Bd6 20. Bxd6 Qxd6+ 21. Kg1
Qc7 22. Rd3 Rd7 23. Nd4 Ne5 24. R3d2 Nc4 25. Bxc4 Qxc4 26. Qxc4 Rxc4 27. Nde2
Rc8 28. Nf4 Rcd8 29. f3 b5 30. Kf2 g5 31. Nfe2 Ne8 32. Nd4 Rc8 33. Nde2 Kg7 34.
e4 Rcd8 35. Nxd5 Bxd5 36. Rxd5 Rxd5 37. Rxd5 Rxd5 38. exd5 Kf6 39. Ke3 Ke5 40.
Nc3 f5 41. g4 f4+ 42. Kd3 Nd6 43. b3 Ne8 44. Nb1 Kxd5 45. b4 Nd6 46. Nd2 Ke5
47. Kc3 1/2-1/2

[Event "DEM U12 2016"]
[Site "Willingen GER"]
[Date "2016.05.16"]
[Round "4"]
[White "Jeschke, Jan"]
[Black "Röhr, Oliver"]
[Result "0-1"]
[Termination "normal"]
[Board "26"]
[WhiteElo "1167"]
[BlackElo "1739"]
[PlyCount "74"]
[WhiteFideId "16225430"]
[BlackFideId "12987697"]
[EventCountry "GER"]
[EventRounds "11"]
[EventType "swiss"]
[EventDate "2016.05.14"]

1. e4 e5 2. Nf3 Nc6 3. d4 exd4 4. Nxd4 Bc5 5. Be3 Qf6 6. c3 Nge7 7. Bc4 O-O 8.
Nxc6 Qxc6 9. Bxc5 Qxc5 10. Nd2 b5 11. Bd3 Bb7 12. O-O f5 13. Qb3+ Kh8 14. Bxb5
fxe4 15. Rae1 Rxf2 16. Rxf2 e3 17. Rxe3 Qxe3 18. Qf7 Qe1+ 19. Bf1 Qe3 20. Kh1
Ng6 21. Nb3 h6 22. Re2 Qg5 23. Re8+ Rxe8 24. Qxe8+ Kh7 25. Qxd7 Qe3 26. Qd2 Qe6
27. Nc5 Qf5 28. Bd3 Qxc5 29. h4 Qh5 30. Qf4 Qd1+ 31. Qf1 Qxf1+ 32. Bxf1 Nxh4
33. Kh2 g5 34. Bd3+ Kg7 35. g3 Nf3+ 36. Kh3 g4+ 37. Kxg4 Ne5+ 0-1

[Event "DEM U12 2016"]
[Site "Willingen GER"]
[Date "2016.05.16"]
[Round "4"]
[White "Marzisch, Darius"]
[Black "Popist, Florian"]
[Result "0-1"]
[Termination "normal"]
[Board "27"]
[WhiteElo "1493"]
[BlackElo "1689"]
[PlyCount "96"]
[WhiteFideId "12997480"]
[BlackFideId "16203518"]
[EventCountry "GER"]
[EventRounds "11"]
[EventType "swiss"]
[EventDate "2016.05.14"]

1. e4 c5 2. Nf3 e6 3. d4 cxd4 4. Nxd4 a6 5. Nc3 Qc7 6. Be3 Nf6 7. f3 Nc6 8. Qd2
Bb4 9. a3 Be7 10. Bd3 d6 11. O-O O-O 12. Kh1 Ne5 13. g4 Nxd3 14. cxd3 Nd7 15.
Qf2 Ne5 16. Rad1 b5 17. h4 f5 18. g5 fxe4 19. dxe4 Ng4 20. Qd2 Nxe3 21. Qxe3
Bd7 22. f4 Qb7 23. Kh2 b4 24. axb4 Qxb4 25. Rb1 Rf7 26. f5 Raf8 27. Kh1 exf5
28. exf5 Bxf5 29. Nxf5 Rxf5 30. Qe6+ Kh8 31. Rxf5 Qxh4+ 32. Kg1 Qg4+ 33. Kh1
Rxf5 34. Qxe7 Qh4+ 35. Kg2 Rxg5+ 36. Qxg5 Qxg5+ 37. Kh2 h6 38. Rd1 Qe5+ 39. Kh3
Kh7 40. Rd5 Qf4 41. Ra5 Qf1+ 42. Kg3 Qg1+ 43. Kf3 Qb6 44. Ra2 d5 45. Ke2 d4 46.
Na4 Qb3 47. Ra3 Qb5+ 48. Kd2 h5 0-1

[Event "DEM U12 2016"]
[Site "Willingen GER"]
[Date "2016.05.16"]
[Round "4"]
[White "Yüksel, Baran"]
[Black "Krause, Marc"]
[Result "1/2-1/2"]
[Termination "normal"]
[Board "28"]
[WhiteElo "1351"]
[BlackElo "1535"]
[PlyCount "144"]
[WhiteFideId "12998710"]
[BlackFideId "12985724"]
[EventCountry "GER"]
[EventRounds "11"]
[EventType "swiss"]
[EventDate "2016.05.14"]

1. e4 c5 2. d4 cxd4 3. c3 d3 4. Bxd3 Nc6 5. Nf3 d6 6. Bf4 Qb6 7. Qb3 Qxb3 8.
axb3 Bg4 9. Nbd2 Nf6 10. h3 Bd7 11. O-O g6 12. e5 dxe5 13. Nxe5 Bg7 14. Nxd7
Nxd7 15. Rfe1 O-O 16. Re2 e5 17. Bg3 f5 18. f3 Nc5 19. Bc4+ Kh8 20. Rae1 Rad8
21. Bb5 Bh6 22. Nf1 Nxb3 23. Bxc6 bxc6 24. Bxe5+ Bg7 25. Bxg7+ Kxg7 26. Re7+
Rf7 27. R1e6 c5 28. Rxf7+ Kxf7 29. Rc6 Rd7 30. Kf2 Ke7 31. Ke3 Rd6 32. Rc7+ Rd7
33. Rc8 Ke6 34. g4 fxg4 35. hxg4 Re7 36. Kd3 Rd7+ 37. Kc4 Nd2+ 38. Nxd2 Rxd2
39. b3 Rf2 40. Rf8 h5 41. gxh5 gxh5 42. Kxc5 h4 43. Rh8 Rxf3 44. Rxh4 Rxc3+ 45.
Kb4 Rf3 46. Rh7 a5+ 47. Ka3 Kd6 48. Rh5 Kc6 49. Rxa5 Kb6 50. Rh5 Rf6 51. Rh4
Rf5 52. Rh6+ Kb5 53. Rh8 Kb6 54. b4 Rf3+ 55. Ka4 Rf4 56. Rh6+ Kb7 57. Ka5 Rf5+
58. b5 Rf7 59. Rb6+ Ka8 60. Ra6+ Kb7 61. Rb6+ Ka8 62. Rd6 Kb7 63. Rd5 Ka7 64.
Kb4 Kb6 65. Rd6+ Kc7 66. Rd4 Kb6 67. Rd6+ Kc7 68. Rc6+ Kb7 69. Ka5 Ka7 70. Rh6
Kb7 71. Rh5 Re7 72. Kb4 Rf7 1/2-1/2

[Event "DEM U12 2016"]
[Site "Willingen GER"]
[Date "2016.05.16"]
[Round "4"]
[White "Zwecker, Hagen"]
[Black "Jakob, Georg"]
[Result "1/2-1/2"]
[Termination "normal"]
[Board "29"]
[WhiteElo "1325"]
[BlackElo "1533"]
[PlyCount "42"]
[WhiteFideId "12991007"]
[BlackFideId "16224221"]
[EventCountry "GER"]
[EventRounds "11"]
[EventType "swiss"]
[EventDate "2016.05.14"]

1. e4 c5 2. Nf3 a6 3. Nc3 e6 4. d4 cxd4 5. Nxd4 Qc7 6. Bd3 Nf6 7. Bg5 Be7 8.
O-O O-O 9. Re1 d6 10. Re3 e5 11. Nf5 Bxf5 12. exf5 Nbd7 13. Rg3 Kh8 14. Rh3 d5
15. Qd2 Rad8 16. Re1 Rc8 17. a3 Bc5 18. Na4 Ba7 19. Nc3 Bc5 20. Nb1 e4 21. Bf1
d4 1/2-1/2

[Event "DEM U12 2016"]
[Site "Willingen GER"]
[Date "2016.05.16"]
[Round "4"]
[White "Ewerhardy, Moritz"]
[Black "Stahnecker, Hagen"]
[Result "1-0"]
[Termination "normal"]
[Board "30"]
[WhiteElo "1382"]
[BlackElo "1316"]
[PlyCount "93"]
[WhiteFideId "36052086"]
[BlackFideId "16225422"]
[EventCountry "GER"]
[EventRounds "11"]
[EventType "swiss"]
[EventDate "2016.05.14"]

1. d4 d5 2. c4 e6 3. Nc3 Nf6 4. Nf3 Nbd7 5. Bf4 Be7 6. e3 O-O 7. cxd5 exd5 8.
Bd3 c5 9. O-O Re8 10. Rc1 Nf8 11. Nb5 Ne6 12. Bg3 a6 13. Nc3 Qb6 14. Na4 Qa7
15. Bh4 cxd4 16. exd4 Kh8 17. Bb1 b5 18. Nc3 Bb7 19. Qd3 Ne4 20. Bg3 Bf6 21.
Rfd1 Rac8 22. Ne5 Bxe5 23. dxe5 Red8 24. h3 Nf4 25. Qc2 Ng6 26. Qd3 h5 27. Qf3
h4 28. Qh5+ Kg8 29. Nxe4 dxe4 30. Bxh4 Rxd1+ 31. Rxd1 Nxh4 32. Qxh4 Qb6 33.
Bxe4 Bxe4 34. Qxe4 Qc7 35. g3 Qe7 36. Re1 Rc5 37. Kh2 Rc4 38. Qd3 f6 39. e6 Qa7
40. Kg1 Rd4 41. Qe3 Kf8 42. e7+ Ke8 43. Rc1 Qd7 44. Kh2 Rd6 45. Re1 Rd5 46. Qb6
Kf7 47. e8=Q+ 1-0